MARC details
| 000 -CABECERA |
| campo de control de longitud fija |
00921cam a2200253 4500 |
| 001 - NÚMERO DE CONTROL |
| campo de control |
000012218 |
| 005 - FECHA Y HORA DE LA ÚLTIMA TRANSACCIÓN |
| campo de control |
20200929162741.0 |
| 008 - DATOS DE LONGITUD FIJA--INFORMACIÓN GENERAL |
| campo de control de longitud fija |
700609s1969 iau b 000 0 eng |
| 010 ## - NÚMERO DE CONTROL DE LA BIBLIOTECA DEL CONGRESO |
| Número de control de LC |
73012413 |
| 020 ## - NÚMERO INTERNACIONAL ESTÁNDAR DEL LIBRO |
| Número Internacional Estándar del Libro |
0697071502 |
| 040 ## - FUENTE DE LA CATALOGACIÓN |
| Centro catalogador/agencia de origen |
DO-SdBNP |
| Centro/agencia transcriptor |
DLC |
| Centro/agencia modificador |
ICU |
| -- |
DLC |
| 082 ## - NÚMERO DE LA CLASIFICACIÓN DECIMAL DEWEY |
| Número de clasificación |
372.86 |
| Número de documento/Ítem |
A628 |
| 049 ## - FONDOS LOCALES (OCLC) |
| Fondos de biblioteca |
BNGR |
| 245 00 - MENCIÓN DE TÍTULO |
| Título |
Anthology of contemporary readings; : |
| Resto del título |
an introduction to physical education / |
| Mención de responsabilidad, etc. |
[by] Howard S. Slusher [and] Aileene S. Lockhart. |
| 260 ## - PUBLICACIÓN, DISTRIBUCIÓN, ETC. |
| Lugar de publicación, distribución, etc. |
Dubuque, Iowa, : |
| Nombre del editor, distribuidor, etc. |
W. C. Brown Company Publishers, |
| Fecha de publicación, distribución, etc. |
c1969. |
| 300 ## - DESCRIPCIÓN FÍSICA |
| Extensión |
xi, 324 p. ; |
| Dimensiones |
23 cm. |
| 490 1# - MENCIÓN DE SERIE |
| Mención de serie |
Physical education series |
| 504 ## - NOTA DE BIBLIOGRAFÍA, ETC. |
| Nota de bibliografía, etc. |
Includes bibliographies. |
| 650 #4 - PUNTO DE ACCESO ADICIONAL DE MATERIA--TÉRMINO DE MATERIA |
| Término de materia o nombre geográfico como elemento de entrada |
Educación física |
| 9 (RLIN) |
12552 |
| 650 #4 - PUNTO DE ACCESO ADICIONAL DE MATERIA--TÉRMINO DE MATERIA |
| Término de materia o nombre geográfico como elemento de entrada |
Educación física |
| Subdivisión general |
Formación profesional |
| 9 (RLIN) |
28851 |
| 700 1# - PUNTO DE ACCESO ADICIONAL--NOMBRE DE PERSONA |
| Nombre de persona |
Lockhart, Aileene Simpson, |
| Fechas asociadas al nombre |
1911- |
| Término indicativo de función/relación |
joint ed. |
| 9 (RLIN) |
28852 |
| 830 #0 - PUNTO DE ACCESO ADICIONAL DE SERIE-TÍTULO UNIFORME |
| Título uniforme |
Physical education series (Dubuque, Iowa) |
| 9 (RLIN) |
28853 |
| 910 ## - DATOS DE OPCIÓN DEL USUARIO (OCLC) |
| Datos de opción del usuario |
Catalogación derivada |